| 000 | 00477 a2200193 4500 | ||
|---|---|---|---|
| 005 | 20260401114940.0 | ||
| 008 | 260325b |||||||| |||| 00| 0 eng d | ||
| 020 |
_a9781804892275 _c£ 105.00 |
||
| 040 | _aMAIN | ||
| 082 |
_a343.0999 _bS84C |
||
| 100 | _aSutherland, Hazel | ||
| 245 | _aCyber law | ||
| 260 |
_bBrilliance Publications _c2025 _aUnited Kingdom |
||
| 300 | _axii, 321 | ||
| 650 | _aLaw | ||
| 650 | _aCyber Law | ||
| 650 | _aComputer Hacking | ||
| 942 | _cBK | ||
| 999 |
_c396086 _d396086 |
||